| Tag |
First Indicator |
Second Indicator |
Subfields |
| LEADER |
00000cam a2200000 4500 |
| 001 |
in00001978960 |
| 006 |
m | d | |
| 007 |
cr |n||||||||n |
| 008 |
810912s1800 enk|||| s 00||||lat d |
| 005 |
20260406212718.8 |
| 035 |
|
|
|a (CStRLIN)ESTCT131643
|
| 040 |
|
|
|a Uk-ES
|c Uk-ES
|d Cu-RivES
|d CStRLIN
|d Thomson Gale
|d UtOrBLW
|
| 100 |
1 |
|
|a Gaddi, Joseph.
|
| 245 |
1 |
0 |
|a Universis patribus, fratribus, ac sororibus ordinis prædicatorum Fr. Pius Joseph Gaddi ... salutem, et mortis recordationem.
|
| 264 |
|
1 |
|a [London?],
|b [publisher not identified] ;
|c [1800?]
|
| 300 |
|
|
|a 6p. ;
|c 2⁰.
|
| 336 |
|
|
|a text
|b txt
|2 rdacontent
|
| 337 |
|
|
|a computer
|b c
|2 rdamedia
|
| 338 |
|
|
|a online resource
|b cr
|2 rdacarrier
|
| 500 |
|
|
|a Drop-head title.
|
| 500 |
|
|
|a A funeral oration on Pope Pius VI.
|
| 500 |
|
|
|a Reproduction of original from the British Library.
|
| 510 |
4 |
|
|a English Short Title Catalog,
|c ESTCT131643.
|
| 533 |
|
|
|a Electronic reproduction.
|b Farmington Hills, Mich. :
|c Thomson Gale,
|d 2003.
|n Available via the World Wide Web.
|n Access limited by licensing agreements
|7 s2003 miunns
|
| 500 |
|
|
|a Electronic resource.
|
| 830 |
|
0 |
|a Eighteenth century collections online.
|
| 856 |
4 |
0 |
|u http://proxy.library.tamu.edu/login?url=https://galenet.galegroup.com/servlet/ECCO?c=1&stp=Author&ste=11&af=BN&ae=T131643&tiPG=1&dd=0&dc=flc&docNum=CW117915398&vrsn=1.0&srchtp=a&d4=0.33&n=10&SU=0LRF&locID=txshracd2898
|z Full text online
|t 0
|
| 999 |
|
|
|a MARS
|
| 999 |
f |
f |
|s e478c12a-ac25-3e1f-92dc-7a68233e86be
|i 057c555e-4377-3c32-8eb3-4e0162e1ddaf
|t 0
|
| 952 |
f |
f |
|a Texas A&M University
|b College Station
|c Electronic Resources
|s www_evans
|d Available Online
|t 0
|h No information provided
|
| 998 |
f |
f |
|t 0
|l Available Online
|